Historia de España (Record no. 49172)

MARC details
000 -LEADER
campo de control de longitud fija 00889nam a2200229 i 4500
001 - NÚMERO DE CONTROL
campo de control 49172
003 - IDENTIFICADOR DE NÚMERO DE CONTROL
campo de control ES-MaACL
005 - FECHA Y HORA DE LA ÚLTIMA TRANSACCIÓN
campo de control 20230906161912.0
007 - CAMPO FIJO DE DESCRIPCIÓN FÍSICA--INFORMACIÓN GENERAL
campo de control de longitud fija t|
008 - DATOS DE LONGITUD FIJA--INFORMACIÓN GENERAL
campo de control de longitud fija 030710s1841 sp ||||1| spa d
080 ## - NÚMERO DE LA CLASIFICACIÓN DECIMAL UNIVERSAL
Número de la Clasificación Decimal Universal 94(460)
100 1# - ENTRADA PRINCIPAL--NOMBRE DE PERSONA
Nombre de persona Cortada, Juan (
Fechas asociadas al nombre 1805-1868)
9 (RLIN) 149955
245 10 - MENCIÓN DEL TÍTULO
Título Historia de España
Resto del título : desde los tiempos más remotos hasta 1839 /
Mención de responsabilidad, etc. escrita por Juan Cortada ; adornada con hermosas láminas grabadas ... y embellecida con un hermoso atlas geográfico-histórico ... ; dirigido por A. Houzé.
260 ## - PUBLICACIÓN, DISTRIBUCIÓN, ETC.
Lugar de publicación, distribución, etc. Barcelona :
Nombre del editor, distribuidor, etc. [s.n.],
Fecha de publicación, distribución, etc. 1841 (
Fabricante Imp. de Brusi)
300 ## - DESCRIPCIÓN FÍSICA
Extensión 3 t. en 2 v. ;
Dimensiones 22 cm.
490 1# - MENCIÓN DE SERIE
Mención de serie El mundo historia de todos los pueblos ;
Designación de volumen o secuencia 6-8
651 #4 - PUNTO DE ACCESO ADICIONAL DE MATERIA--NOMBRE GEOGRÁFICO
Nombre geográfico España-
Subdivisión general Historia.
9 (RLIN) 8209
700 1# - ENTRADA AGREGADA--NOMBRE PERSONAL
Nombre de persona Houzé, A.
9 (RLIN) 64368
830 0# - PUNTO DE ACCESO ADICIONAL DE SERIE-TÍTULO UNIFORME
Título uniforme El mundo historia de todos los pueblos ;
Designación de volumen o secuencia 6-8
9 (RLIN) 182426
852 ## - LOCALIZACIÓN
Ubicación ES-MaACL
Número de control de estantería D-4086-87
Holdings
Estatus retirado Estado de pérdida Estado de daño No para préstamo Colección Biblioteca de origen Biblioteca actual Ubicación en estantería Fecha de adquisición Fuente de adquisición Total de préstamos Signatura topográfica completa Código de barras Visto por última vez Precio de reemplazo Tipo de ítem Koha
        Libros del s. XIX Biblioteca del Ateneo de Madrid Biblioteca del Ateneo de Madrid Sala Valle Inclán 17/01/2008     D-4086-87 901051745 23/02/2023 23/02/2023 Libro impreso antiguo